Climate Comparison Quiz - Statistics

General Stats
  • This quiz has been taken 27 times
  • The average score is 6 of 15
Answer Stats
Question Answer % Correct
Which city has the hottest July highs of these 4? Phoenix
100%
Which city has the highest record high temperature? Bismarck, ND
67%
Which city has the most annual precipitation between these 4? New York
67%
Which of these cities is considered to have a Mediterranean climate by the Köppen climate classification system? Portland, OR, USA
67%
Which place has the most annual snowfall between these 4? Sapporo, Japan
67%
Which city has the warmest highs in the hottest month between these 4? Boston
33%
Which city has the warmest average January temperature between these 4? Dublin
33%
Which city has the highest annual precipitation? Kuala Lumpur
33%
Which city has the least annual precipitation of these 4? Lima
33%
Which of these cities is considered to have a tropical monsoon climate by the Köppen climate classification system? Miami
33%
Which city has the most days with precipitation between these 4? Seattle
33%
Which city has the most days with snowfall between these 4? Seoul
33%
Which city has the highest average annual humidity between these 4? Moscow
0%
Which city has the coldest record low temperature between these 4? New York
0%
Which city has the most annual sunshine hours between these 4? Seattle
0%
No matching quizzes found
Score Distribution
Percent of People with Each Score
Percentile by Number Answered
Your Score History
You have not taken this quiz